The 3rd Thing You Need to Know: Cartoon Characters Quiz Stats

 Plays Quiz Updated Feb 13, 2018

Score 0/20 Timer 04:00
178 Plays Today
% Correct
Mickey Mouse
93.1%
Wilma Flintstone
92.3%
Garfield
91.9%
Pepé le Pew
90.7%
Jessica Rabbit
90%
Daisy Duck
88.3%
Elmer Fudd
88.1%
Bugs Bunny
87.3%
Magica De Spell
87.2%
Donald Duck
83.7%
% Correct
Jerry
83.4%
Bluto
82.9%
SpongeBob SquarePants
79.4%
Scrooge McDuck
77.2%
Yogi Bear
74.3%
Charlie Brown
71.8%
Beavis
67.9%
Bender
66.4%
Fritz the Cat
52%
Marvin the Martian
34.1%

You're not logged in!

Compare scores with friends on all Sporcle quizzes.
OR
Log In

You Might Also Like...

Show Comments

Extras

Top Quizzes Today


Score Distribution

Your Account Isn't Verified!

In order to create a playlist on Sporcle, you need to verify the email address you used during registration. Go to your Sporcle Settings to finish the process.

Report this User

Report this user for behavior that violates our Community Guidelines.

Details: